Physical antropology and human genetics / (Record no. 102959)

MARC details
000 -LEADER
fixed length control field 00559nam a22001817a 4500
005 - DATE AND TIME OF LATEST TRANSACTION
control field 20160908110135.0
010 ## - LCCN (DPL NO)
LC control number ENG-115895
020 ## - INTERNATIONAL STANDARD BOOK NUMBER
International Standard Book Number 9789381632864
Terms of availability 795.00
035 ## - SYSTEM CONTROL NUMBER
System control number EN-99427
037 ## - SOURCE OF ACQUISITION
Source of stock number/acquisition DBAD/PUB
082 ## - DEWEY DECIMAL CLASSIFICATION NUMBER
Classification number 599.9
100 ## - MAIN ENTRY--PERSONAL NAME
Dates associated with a name Awasthi, Aishwarya
245 ## - TITLE STATEMENT
Title Physical antropology and human genetics /
Statement of responsibility, etc by Aishwarya Awasthi
260 ## - PUBLICATION, DISTRIBUTION, ETC. (IMPRINT)
Place of publication, distribution, etc New Delhi
Name of publisher, distributor, etc Satyam Publishing House
Date of publication, distribution, etc 2013
270 ## - ADDRESS
Address N-3/25,Mohan Garden,Uttam Nagar
City New Delhi
Postal code 110059
300 ## - PHYSICAL DESCRIPTION
Extent 304p. :
Other physical details ill
Dimensions 22cm(Hb)
942 ## - ADDED ENTRY ELEMENTS (KOHA)
Source of classification or shelving scheme Dewey Decimal Classification
Item type English Books
Classification part 599.9
Call number suffix AWA
Holdings
Withdrawn status Lost status Not for loan Collection code Home library Current library Date acquired Source of acquisition Cost, normal purchase price Full call number Barcode Copy number Cost, replacement price Koha item type
    Not For Loan Non-fiction D.B.Act.Division Bawana 01/09/2016 DBAD/PUB 795.00 599.9 AWA EN-99427 1 795.00 English Books

© Delhi Public Library
Hit Counter
free hit counter